000 00887nam a2200205 i 4500
001 136302
003 ES-MaACL
005 20250925063042.0
007 t|
008 070214s1970 sp r ||||1| spa d
100 1 _aRumeu de Armas, Antonio,
_d1912-2006
_9100991
245 1 0 _aHernando Colón, historiador de América
_b: discurso /
_cleído el día 22 de noviembre de 1970 en el acto de su recepción pública por el Excmo. Sr. D. Antonio Rumeu de Armas ; y contestación por el Excmo. Sr. D. Jesús Pabón y Suárez de Urbina.
260 _aMadrid :
_bReal Academia de la Historia,
_c1970.
300 _a97 p. ;
_c24 cm.
600 1 4 _aColón, Fernando,
_d1488-1539
_939874
700 1 _aPabón y Suárez de Urbina, Jesús,
_d1902-1976
_988103
710 2 _aReal Academia de la Historia (España)
_96309
852 _aES-MaACL
_jC-41901
_bR.75618
999 _c136302
_d136302